| 000 | 00332cam a22001097a 4500 | ||
|---|---|---|---|
| 008 | 180718b1977 xxu||||| |||| 00| 0 eng d | ||
| 082 | _aL82 MP/10/77 | ||
| 245 | _aTenth orientation course on materials planning | ||
| 260 |
_aNew Delhi _bIndian Institute of Public Administration _c1977 |
||
| 300 | _av.p. | ||
| 650 | _aMaterials planning | ||
| 999 |
_c502225 _d502225 |
||